El arte en la Italia del Renacimiento
保存先:
| 主要な著者: | , |
|---|---|
| フォーマット: | 図書 |
| 言語: | スペイン語 |
| 出版事項: |
Madrid
Akal
2002
|
| 版: | 1a. ed |
| シリーズ: | Arte y Estética, 62
|
| 主題: | |
| タグ: |
タグ追加
タグなし, このレコードへの初めてのタグを付けませんか!
|
MARC
| LEADER | 00000cam a2200000 a 4500 | ||
|---|---|---|---|
| 001 | UCE0006 | ||
| 003 | CL-VaPUC | ||
| 008 | 131227e20020000sp |||||||||||||||||spa|d | ||
| 020 | |a 8446011492 | ||
| 082 | 0 | 4 | |a 709.024 |b PAO |2 21 |
| 100 | |a Paoletti, John T. |e autor |9 572407 | ||
| 700 | 0 | |a Radke, Gary M |e author |9 572408 | |
| 245 | 1 | 3 | |a El arte en la Italia del Renacimiento |
| 250 | |a 1a. ed | ||
| 300 | |a 555 p | ||
| 942 | |c BK | ||
| 945 | |d 20131227 10:32:00 |a dcastane | ||
| 260 | |a Madrid |b Akal |c 2002 | ||
| 650 | 0 | |a Arte renacentista |9 264949 | |
| 650 | 0 | |a Arte italiano |9 265547 | |
| 650 | 0 | |a Artistas italianos |9 449205 | |
| 583 | |a last modification |c 20131227 10:32:00 |k Rodrigo Vera | ||
| 490 | 0 | |a Arte y Estética, 62 | |
| 999 | |c 354328 |d 354326 | ||
| 952 | |0 0 |1 0 |3 erd |4 0 |6 709_024000000000000_PAO_2002 |7 0 |8 A |9 460112 |a BIBART |b BIBART |i 503759K |o 709.024 PAO 2002 |p 503759K |r 2025-03-13 |w 2019-11-23 |y BK |z Catalogado en:20131227 |k ART | ||